01395nam a22003977a 4500003000400000005001700004008004100021040002200062082001700084100005300101245001400154260007800168300001900246366000800265490002400273505001000297505007300307505002700380505003200407505003000439505003400469505002800503505001600531505003500547505002400582505002500606505002400631505002500655650004100680650005000721650004300771650004800814650004300862650004400905650004800949OSt20230518105657.0221006b |||||||| |||| 00| 0 eng d cBiblioteca Lado V a701.1bS744a aSrendni de Birbragher, Celiaeeditoraedirectora aArtNexus/ bAsociación de Revistas Culturalesc2018aCanadaaAmerica LatinaaBrasil c24x30cma142p. espa a107v16x0120 713 X tHogar tEntrevistaaBeatriz Gonzalez Ana Gallardo Relational Undercurrents tBienalaBienal de Lyon tFotografiaaPaolo Gasparini tExposicionaDoris Salcedo tRetrospectivaaValeska Soares tCrónicas Individuales tColectivas  tGuía de Galerías y Museos  tReseñas de libros tLibros para la venta tLIbros y Catalogos  tLibros para la Venta 2Tesauro de Arte & ArquitecturaaARTE 2Tesauro de Arte & ArquitecturaaEXPOSICIONES  2Tesauro de Arte & ArquitecturaaBIENAL 2Tesauro de Arte & ArquitecturaaAPRECIACION 2Tesauro de Arte & ArquitecturaaTEORIA 2Tesauro de Arte & ArquitecturaaCRITICA 2Tesauro de Arte & ArquitecturaaFOTOGRAFIA